| 000 | 00647nam a2200241Ia 4500 | ||
|---|---|---|---|
| 001 | 31477 | ||
| 005 | 20240114001529.0 | ||
| 007 | ta | ||
| 008 | 060808s1338 g b000 u 346 u | ||
| 040 | _aCotton College,Assam | ||
| 041 | _a346 | ||
| 082 |
_a89.4411 _bR 13 Sr |
||
| 100 | _aRoy, Satish Ch. . | ||
| 245 | 0 |
_aSri Padakalpataru Vol. 5 / _cSatish Ch. Roy. _hTextual Documents |
|
| 250 | _a1st ed. / | ||
| 260 |
_aCalcutta : _bBangio Sahitya Parishad , _c1338. |
||
| 300 |
_a118p. ; _c25cm. |
||
| 653 | _aBengali Poetry-Collections | ||
| 653 | _aG-Bengali | ||
| 942 |
_2ddc _cBK |
||
| 999 |
_c31459 _d31459 |
||